000
00331nam a2200133 a 4500
001
4144
005
20140414131915.0
008
090317s19uu xx 00 eng d
050
_a
FIC
_b
C58 1977
100
_a
Cleary, Beverly
245
_a
Ramona and her father.
260
_a
New York :
_b
Harper Collins,
_c
1977.
999
_c
111411
_d
111411